000 02554cam a22005174i 4500
003 PE-LiUPU
005 20250731172706.0
008 150617s1985 sp r 000 0 spa d
020 _a8471514796
035 _a(Sirsi) i9788471514790
040 _aPE-LiUPU
_bspa
_cPE-LiUPU
_erda
049 _aPRUA
082 0 4 _a220.503
_bO41
_221
130 _aBiblia
_lEspañol
_pAntología.
245 1 3 _aLa biblia del joven :
_bselección de textos bíblicos /
_c[introducciones y selección de textos, Heribert Kloos . [et al.].
264 1 _aPamplona :
_bVerbo Divino,
_c1985.
300 _a158 páginas ;
_c21 centímetros.
336 _atext
_2rdacontent
337 _aunmediated
_2rdamedia
338 _avolume
_2rdacarrier
490 1 _aAdaptación de Manuel Olasagasti
505 0 _aAntiguo testamento -- Señor, Dios mio, qué grande eres -- Perdonaste la culpa a tu pueblo -- Haré de ti un gran pueblo -- el señor estaba con José -- Yo os sacaré de Egipto -- Yo soy el señor, tu Dios -- Haré una alianza con vosotros -- Os doy una tierra -- El señor reina -- Buscadme y viviréis -- Hoy os ha nacido el salvador -- Tú eres mi hijo querido -- Su fama se extendió por to da la comarca -- Les hablaba en parábolas -- ¿Quién es éste? -- Emprendió viaje a Jerusalén -- ¿No tenía que padecer el Mesías estas cosas para así entrar en su gloria? -- Seréis mis testigos hasta los confines del mundo.
526 _aSEG42
526 _aSEG41
526 _aSEG40
526 _aSEG39
526 _aP94
526 _aP87
526 _aP86
526 _aP85
526 _aP77
526 _aP76
526 _aP35
630 _aBiblia
_vLibros infantiles.
700 1 _aKloos, Heribert,
_esel.
910 _ajck
_bjvq
_cjck
_d20150616
942 _2ddc
_cBOOK
949 _a220.503 O41
_wDEWEY
_c1
_i26202
_lCCODEBUL1
_mBUL
_r0
_sY
_tBOOK
_u2015-6-17
_xTEOLOGIA
_PP35
_0COMPRA
_o.STAFF. Colección Teología
949 _a220.503 O41
_wDEWEY
_c2
_i26201
_lCCODEBUL1
_mBUL
_r0
_sY
_tBOOK
_u2015-6-17
_xTEOLOGIA
_PP35
_0COMPRA
_o.STAFF. Colección Teología
994 _aC0
_bPEPRU
596 _a1
999 _a220.503 O41
_wDEWEY
_c318
_i26202
_f2021-11-9
_g5
_lCCODEBUL1
_mBUL
_p25.00
_r0
_sY
_tBOOK
_u2015-6-17
_xTEOLOGIA
_PP35
_0COMPRA
_o.STAFF. Colección Teología
_d318
999 _a220.503 O41
_wDEWEY
_c2
_i26201
_f2021-11-9
_g5
_lCCODEBUL1
_mBUL
_p30.00
_r0
_sY
_tBOOK
_u2015-6-17
_xTEOLOGIA
_PP35
_0COMPRA
_o.STAFF. Colección Teología
980 _81
_gALBERTO SANCHEZ Responsable de Automatización